25 biggest cities in Estonia by flags - Statistics

General Stats
  • This quiz has been taken 94 times
  • The average score is 6 of 25
Answer Stats
Picture Answer % Correct
Tallinn
92%
Tartu
83%
Narva
60%
Pärnu
55%
Kohtla-Järve
34%
Rakvere
30%
Põlva
28%
Viljandi
28%
Kuressaare
21%
Maardu
17%
Sillamäe
17%
Valga
17%
Võru
17%
Paide
15%
Haapsalu
13%
Jõgeva
11%
Rapla
9%
Türi
9%
Jõhvi
8%
Keila
6%
Põltsamaa
6%
Tapa
6%
Elva
4%
Kiviõli
4%
Saue
4%
No matching quizzes found
Score Distribution
Percent of People with Each Score
Percentile by Number Answered
Your Score History
You have not taken this quiz